| 000 | 00369nam a2200157Ia 4500 | ||
|---|---|---|---|
| 005 | 20250701155824.0 | ||
| 008 | 240331s9999 xx 000 0 und d | ||
| 020 | _a9559567160 | ||
| 082 |
_bLIY _a398 |
||
| 100 | _aLiyanage,B | ||
| 245 | 0 | _aKukulu koralaye janaprawada | |
| 260 |
_aKuruwita _bIsuru Printers _c1998 |
||
| 300 | _a92 p ., | ||
| 650 | _aWomen | ||
| 942 | _cL | ||
| 999 |
_c5211 _d5211 |
||